Detalles MARC
| 000 -CABECERA |
| Longitud fija campo de control |
01466nam a22003371i 4500 |
| 003 - IDENTIFICADOR DEL NUMERO DE CONTROL |
| Identificador del número de control |
CO-BoRNBP |
| 005 - FECHA Y HORA DE LA ULTIMA TRANSACCION |
| Fecha y hora de la última transacción |
20241122075107.0 |
| 007 - CAMPO FIJO DE DESCRIPCION FISICA |
| Campo fijo de descripción física |
ta |
| 008 - CODIGOS DE INFORMACION DE LONGITUD FIJA |
| Códigos de información de longitud fija |
241122s2023 ck a|||| |||| 00| 0 spa d |
| 020 ## - NUMERO INTERNACIONAL NORMALIZADO PARA LIBROS |
| Número Internacional Normalizado para Libros (ISBN) |
9786287506794 |
| 040 ## - FUENTE DE LA CATALOGACION |
| Centro catalogador de origen |
CO-BoRNBP |
| Lengua de catalogación |
spa |
| Centro transcriptor |
CO-BoRNBP |
| Normas de descripción |
rda |
| 043 ## - CODIGO DE AREA GEOGRAFICA |
| Código de área geográfica |
s-ck--- |
| 082 ## - NUMERO DE LA CLASIFICACION DECIMAL DEWEY |
| Número de clasificación (R) |
808.899282 M62i |
| Número del ítem |
M62i |
| Número de edición |
Primera edición |
| 100 1# - PUNTO DE ACCESO PRINCIPAL-NOMBRE DE PERSONA |
| Nombre de persona |
Modernell, Álvaro |
| Término indicativo de función |
autor |
| 245 1# - TITULO PROPIAMENTE DICHO |
| Título |
Iguales y diferentes/ |
| Mención de responsabilidad, etc. |
Álvaro Modernell; ilustraciones Romont Willy; traducción, Kamilla Bonilla Ramos |
| 250 ## - MENCION DE EDICION |
| Mención de edición |
Primera edición |
| 264 ## - PRODUCCION, PUBLICACION , DISTRIBUCION, FABRICACION Y COPYRIGHT |
| Lugar de producción, publicación, distribución, fabricación |
Bogotá, Colombia |
| Nombre del productor, editor, distribuidor, fabricante |
Enlace Editorial |
| Fecha de de producción, publicación, distribución, fabricación o copyright |
©2023 |
| 300 ## - DESCRIPCION FISICA |
| Extensión |
23 páginas, |
| Otras características físicas |
ilustraciones a color, |
| Dimensiones |
21 cm. |
| Material Anexo |
Cartilla de entrenamiento de lectura |
| 336 ## - TIPO DE CONTENIDO |
| Fuente |
rdacontenido |
| Término de tipo de contenido |
texto |
| Código de tipo de contenido |
txt |
| 337 ## - TIPO DE MEDIO |
| Fuente |
rdamedio |
| Nombre del tipo de medio |
sin mediación |
| Código del tipo de medio |
n |
| 338 ## - TIPO DE SOPORTE |
| Fuente |
rdasoporte |
| Nombre del tipo de soporte |
volumen |
| Código del tipo de soporte |
nc |
| 490 ## - MENCION DE SERIE |
| Mención de serie |
Colección El Tren Dorado, Primera estación |
| 520 ## - NOTA DE RESUMEN |
| Resumen, etc, |
Iguales y diferentes es el tema de este libro, en el que simpáticos animales en distintas situaciones nos revelan cómo los seres humanos, a veces, dejamos de respetar las diferencias o no aceptamos las igualdades entre nosotros. |
| 650 17 - PUNTO DE ACCESO ADICIONAL DE MATERIA - TERMINO DE MATERIA |
| Fuente del encabezamiento |
ARMARC |
| Término de materia o nombre geográfico como elemento inicial |
Literatura infantil |
| 650 17 - PUNTO DE ACCESO ADICIONAL DE MATERIA - TERMINO DE MATERIA |
| Fuente del encabezamiento |
ARMARC |
| Término de materia o nombre geográfico como elemento inicial |
Cuento infantil |
| 650 17 - PUNTO DE ACCESO ADICIONAL DE MATERIA - TERMINO DE MATERIA |
| Fuente del encabezamiento |
ARMARC |
| Término de materia o nombre geográfico como elemento inicial |
Iguales y diferentes |
| 650 17 - PUNTO DE ACCESO ADICIONAL DE MATERIA - TERMINO DE MATERIA |
| Fuente del encabezamiento |
ARMARC |
| Término de materia o nombre geográfico como elemento inicial |
Ficción |
| 700 1# - PUNTO DE ACCESO ADICIONAL - NOMBRE DE PERSONA |
| Nombre de persona |
Alfonso Rubiano |
| Término indicativo de función |
Dirección general |
| 700 1# - PUNTO DE ACCESO ADICIONAL - NOMBRE DE PERSONA |
| Nombre de persona |
Nathalia Castañeda Aponte |
| Término indicativo de función |
Dirección editorial |
| 942 ## - ENTRADA DE ELEMENTOS AGREGADOS (KOHA) |
| Fuente de clasificaión o esquema |
Dewey Decimal Classification |
| Koha [por defecto] tipo de item |
Libro Infantil |